<?xml version="1.0" encoding="UTF-8"?>
<record
    xmlns:xsi="http://www.w3.org/2001/XMLSchema-instance"
    xsi:schemaLocation="http://www.loc.gov/MARC21/slim http://www.loc.gov/standards/marcxml/schema/MARC21slim.xsd"
    xmlns="http://www.loc.gov/MARC21/slim">

  <leader>00539nam a22001577a 4500</leader>
  <controlfield tag="003">OSt</controlfield>
  <controlfield tag="005">20151120101401.0</controlfield>
  <controlfield tag="008">151120b        xxu||||| |||| 00| 0 eng d</controlfield>
  <datafield tag="040" ind1=" " ind2=" ">
    <subfield code="c">RUA</subfield>
  </datafield>
  <datafield tag="082" ind1=" " ind2=" ">
    <subfield code="a">FIS PIC 1996 B162 Or.1</subfield>
  </datafield>
  <datafield tag="100" ind1=" " ind2=" ">
    <subfield code="9">3948</subfield>
    <subfield code="a">PICH, SEREY WATH.</subfield>
  </datafield>
  <datafield tag="245" ind1=" " ind2=" ">
    <subfield code="a">Study on techniques of fish meal production (&#x179F;&#x17B7;&#x1780;&#x17D2;&#x179F;&#x17B6;&#x179F;&#x17D2;&#x179A;&#x17B6;&#x179C;&#x1787;&#x17D2;&#x179A;&#x17B6;&#x179C;&#x1796;&#x17B7;&#x179F;&#x1792;&#x1793;&#x17CF;&#x1794;&#x1785;&#x17D2;&#x1785;&#x17C1;&#x1780;&#x1791;&#x17C1;&#x179F;&#x1795;&#x179B;&#x17B7;&#x178F;&#x1798;&#x17D2;&#x179F;&#x17C5;&#x178F;&#x17D2;&#x179A;&#x17B8;)</subfield>
  </datafield>
  <datafield tag="260" ind1=" " ind2=" ">
    <subfield code="a">Phnom Penh</subfield>
    <subfield code="b">RUA</subfield>
    <subfield code="c">1996</subfield>
  </datafield>
  <datafield tag="300" ind1=" " ind2=" ">
    <subfield code="a">61p.</subfield>
    <subfield code="b">ill.</subfield>
    <subfield code="c">29cm.</subfield>
  </datafield>
  <datafield tag="942" ind1=" " ind2=" ">
    <subfield code="2">ddc</subfield>
    <subfield code="c">FIS</subfield>
  </datafield>
  <datafield tag="999" ind1=" " ind2=" ">
    <subfield code="c">3671</subfield>
    <subfield code="d">3671</subfield>
  </datafield>
  <datafield tag="952" ind1=" " ind2=" ">
    <subfield code="0">0</subfield>
    <subfield code="1">0</subfield>
    <subfield code="2">ddc</subfield>
    <subfield code="4">0</subfield>
    <subfield code="6">FIS_PIC_1996_000000000000000_B162_OR_1</subfield>
    <subfield code="7">0</subfield>
    <subfield code="9">18124</subfield>
    <subfield code="a">LBB</subfield>
    <subfield code="b">LBB</subfield>
    <subfield code="c">B162</subfield>
    <subfield code="d">2015-11-20</subfield>
    <subfield code="l">1</subfield>
    <subfield code="o">FIS PIC 1996 B162 Or.1</subfield>
    <subfield code="p">RUA011496</subfield>
    <subfield code="r">2018-11-07</subfield>
    <subfield code="s">2018-10-24</subfield>
    <subfield code="w">2015-11-20</subfield>
    <subfield code="y">FIS</subfield>
  </datafield>
  <datafield tag="952" ind1=" " ind2=" ">
    <subfield code="0">0</subfield>
    <subfield code="1">0</subfield>
    <subfield code="2">ddc</subfield>
    <subfield code="4">0</subfield>
    <subfield code="6">FIS_PIC_1996_000000000000000_B162_OR_2</subfield>
    <subfield code="7">0</subfield>
    <subfield code="9">18125</subfield>
    <subfield code="a">LBB</subfield>
    <subfield code="b">LBB</subfield>
    <subfield code="c">B162</subfield>
    <subfield code="d">2015-11-20</subfield>
    <subfield code="o">FIS PIC 1996 B162 Or.2</subfield>
    <subfield code="p">RUA011349</subfield>
    <subfield code="r">2015-11-20</subfield>
    <subfield code="w">2015-11-20</subfield>
    <subfield code="y">FIS</subfield>
  </datafield>
  <datafield tag="952" ind1=" " ind2=" ">
    <subfield code="0">0</subfield>
    <subfield code="1">0</subfield>
    <subfield code="2">ddc</subfield>
    <subfield code="4">0</subfield>
    <subfield code="6">FIS_PIC_1996_000000000000000_B162_OR_3</subfield>
    <subfield code="7">0</subfield>
    <subfield code="9">18126</subfield>
    <subfield code="a">LBB</subfield>
    <subfield code="b">LBB</subfield>
    <subfield code="c">B162</subfield>
    <subfield code="d">2015-11-20</subfield>
    <subfield code="o">FIS PIC 1996 B162 Or.3</subfield>
    <subfield code="p">RUA011973</subfield>
    <subfield code="r">2015-11-20</subfield>
    <subfield code="w">2015-11-20</subfield>
    <subfield code="y">FIS</subfield>
  </datafield>
  <datafield tag="952" ind1=" " ind2=" ">
    <subfield code="0">0</subfield>
    <subfield code="1">0</subfield>
    <subfield code="2">ddc</subfield>
    <subfield code="4">0</subfield>
    <subfield code="6">FIS_PIC_1996_000000000000000_B162_OR_4</subfield>
    <subfield code="7">0</subfield>
    <subfield code="9">18127</subfield>
    <subfield code="a">LBB</subfield>
    <subfield code="b">LBB</subfield>
    <subfield code="c">B162</subfield>
    <subfield code="d">2015-11-20</subfield>
    <subfield code="o">FIS PIC 1996 B162 Or.4</subfield>
    <subfield code="p">RUA011064</subfield>
    <subfield code="r">2015-11-20</subfield>
    <subfield code="w">2015-11-20</subfield>
    <subfield code="y">FIS</subfield>
  </datafield>
  <datafield tag="952" ind1=" " ind2=" ">
    <subfield code="0">0</subfield>
    <subfield code="1">0</subfield>
    <subfield code="2">ddc</subfield>
    <subfield code="4">0</subfield>
    <subfield code="6">FIS_PIC_1996_000000000000000_B162_OR_5</subfield>
    <subfield code="7">0</subfield>
    <subfield code="9">18128</subfield>
    <subfield code="a">LBB</subfield>
    <subfield code="b">LBB</subfield>
    <subfield code="c">B162</subfield>
    <subfield code="d">2015-11-20</subfield>
    <subfield code="o">FIS PIC 1996 B162 Or.5</subfield>
    <subfield code="p">RUA011487</subfield>
    <subfield code="r">2015-11-20</subfield>
    <subfield code="w">2015-11-20</subfield>
    <subfield code="y">FIS</subfield>
  </datafield>
  <datafield tag="952" ind1=" " ind2=" ">
    <subfield code="0">0</subfield>
    <subfield code="1">0</subfield>
    <subfield code="2">ddc</subfield>
    <subfield code="4">0</subfield>
    <subfield code="6">FIS_PIC_1996_000000000000000_B162_OR_6</subfield>
    <subfield code="7">0</subfield>
    <subfield code="9">18129</subfield>
    <subfield code="a">LBB</subfield>
    <subfield code="b">LBB</subfield>
    <subfield code="c">B162</subfield>
    <subfield code="d">2015-11-20</subfield>
    <subfield code="l">1</subfield>
    <subfield code="o">FIS PIC 1996 B162 Or.6</subfield>
    <subfield code="p">RUA011475</subfield>
    <subfield code="r">2018-06-08</subfield>
    <subfield code="s">2016-12-16</subfield>
    <subfield code="w">2015-11-20</subfield>
    <subfield code="y">FIS</subfield>
  </datafield>
  <datafield tag="952" ind1=" " ind2=" ">
    <subfield code="0">0</subfield>
    <subfield code="1">0</subfield>
    <subfield code="2">ddc</subfield>
    <subfield code="4">0</subfield>
    <subfield code="6">FIS_PIC_1996_000000000000000_B162_OR_7</subfield>
    <subfield code="7">0</subfield>
    <subfield code="9">18130</subfield>
    <subfield code="a">LBB</subfield>
    <subfield code="b">LBB</subfield>
    <subfield code="c">B162</subfield>
    <subfield code="d">2015-11-20</subfield>
    <subfield code="o">FIS PIC 1996 B162 Or.7</subfield>
    <subfield code="p">RUA011277</subfield>
    <subfield code="r">2015-11-20</subfield>
    <subfield code="w">2015-11-20</subfield>
    <subfield code="y">FIS</subfield>
  </datafield>
  <datafield tag="952" ind1=" " ind2=" ">
    <subfield code="0">0</subfield>
    <subfield code="1">0</subfield>
    <subfield code="2">ddc</subfield>
    <subfield code="4">0</subfield>
    <subfield code="6">FIS_PIC_1996_000000000000000_B162_OR_8</subfield>
    <subfield code="7">0</subfield>
    <subfield code="9">18131</subfield>
    <subfield code="a">LBB</subfield>
    <subfield code="b">LBB</subfield>
    <subfield code="c">B162</subfield>
    <subfield code="d">2015-11-20</subfield>
    <subfield code="o">FIS PIC 1996 B162 Or.8</subfield>
    <subfield code="p">RUA010308</subfield>
    <subfield code="r">2015-11-20</subfield>
    <subfield code="w">2015-11-20</subfield>
    <subfield code="y">FIS</subfield>
  </datafield>
  <datafield tag="952" ind1=" " ind2=" ">
    <subfield code="0">0</subfield>
    <subfield code="1">0</subfield>
    <subfield code="2">ddc</subfield>
    <subfield code="4">0</subfield>
    <subfield code="6">FIS_PIC_1996_000000000000000_B162_OR_9</subfield>
    <subfield code="7">0</subfield>
    <subfield code="9">18132</subfield>
    <subfield code="a">LBB</subfield>
    <subfield code="b">LBB</subfield>
    <subfield code="c">B162</subfield>
    <subfield code="d">2015-11-20</subfield>
    <subfield code="l">1</subfield>
    <subfield code="o">FIS PIC 1996 B162 Or.9</subfield>
    <subfield code="p">RUA011544</subfield>
    <subfield code="r">2019-11-26</subfield>
    <subfield code="s">2019-11-22</subfield>
    <subfield code="w">2015-11-20</subfield>
    <subfield code="y">FIS</subfield>
  </datafield>
  <datafield tag="952" ind1=" " ind2=" ">
    <subfield code="0">0</subfield>
    <subfield code="1">0</subfield>
    <subfield code="2">ddc</subfield>
    <subfield code="4">0</subfield>
    <subfield code="6">FIS_PIC_1996_000000000000000_B162_OR_10</subfield>
    <subfield code="7">0</subfield>
    <subfield code="9">18133</subfield>
    <subfield code="a">LBB</subfield>
    <subfield code="b">LBB</subfield>
    <subfield code="c">B162</subfield>
    <subfield code="d">2015-11-20</subfield>
    <subfield code="o">FIS PIC 1996 B162 Or.10</subfield>
    <subfield code="p">RUA011043</subfield>
    <subfield code="r">2015-11-20</subfield>
    <subfield code="w">2015-11-20</subfield>
    <subfield code="y">FIS</subfield>
  </datafield>
  <datafield tag="952" ind1=" " ind2=" ">
    <subfield code="0">0</subfield>
    <subfield code="1">0</subfield>
    <subfield code="2">ddc</subfield>
    <subfield code="4">0</subfield>
    <subfield code="6">FIS_PIC_1996_000000000000000_B162_OR_11</subfield>
    <subfield code="7">0</subfield>
    <subfield code="9">18134</subfield>
    <subfield code="a">LBB</subfield>
    <subfield code="b">LBB</subfield>
    <subfield code="c">B162</subfield>
    <subfield code="d">2015-11-20</subfield>
    <subfield code="l">2</subfield>
    <subfield code="o">FIS PIC 1996 B162 Or.11</subfield>
    <subfield code="p">RUA011136</subfield>
    <subfield code="r">2019-11-15</subfield>
    <subfield code="s">2019-10-28</subfield>
    <subfield code="w">2015-11-20</subfield>
    <subfield code="y">FIS</subfield>
  </datafield>
</record>
